D. Patricio de Azcárate, un leonés universal / (Record no. 171962)
[ view plain ]
| 000 -LEADER | |
|---|---|
| campo de control de longitud fija | 00807nam a22002175i 4500 |
| 001 - NÚMERO DE CONTROL | |
| campo de control | 171962 |
| 003 - IDENTIFICADOR DE NÚMERO DE CONTROL | |
| campo de control | ES-MaACL |
| 005 - FECHA Y HORA DE LA ÚLTIMA TRANSACCIÓN | |
| campo de control | 20250712081906.0 |
| 008 - DATOS DE LONGITUD FIJA--INFORMACIÓN GENERAL | |
| campo de control de longitud fija | 090609s1982 sp |||| | spa d |
| 080 ## - NÚMERO DE LA CLASIFICACIÓN DECIMAL UNIVERSAL | |
| Número de la Clasificación Decimal Universal | 929 Azcárate, Patricio de |
| 100 1# - ENTRADA PRINCIPAL--NOMBRE DE PERSONA | |
| Nombre de persona | Sosa, Nicolás M. |
| 9 (RLIN) | 107437 |
| 245 10 - MENCIÓN DEL TÍTULO | |
| Título | D. Patricio de Azcárate, un leonés universal / |
| Mención de responsabilidad, etc. | Nicolás M. Sosa. |
| 260 ## - PUBLICACIÓN, DISTRIBUCIÓN, ETC. | |
| Lugar de publicación, distribución, etc. | León : |
| Nombre del editor, distribuidor, etc. | Instituto "Fray Bernardino de Sahagún", |
| Fecha de publicación, distribución, etc. | 1982. |
| 300 ## - DESCRIPCIÓN FÍSICA | |
| Extensión | 141 p. ; |
| Dimensiones | 21 cm. |
| 490 1# - MENCIÓN DE SERIE | |
| Mención de serie | Acta Salmanticensia. Serie Varia : temas científicos y literarios ; |
| Designación de volumen o secuencia | 38 |
| 600 14 - PUNTO DE ACCESO ADICIONAL DE MATERIA--NOMBRE DE PERSONA | |
| Nombre de persona | Azcárate, Patricio de, |
| Fechas asociadas al nombre | 1800-1886 |
| 9 (RLIN) | 24249 |
| 710 2# - ENTRADA AGREGADA--NOMBRE DE ENTIDAD CORPORATIVA | |
| Nombre de entidad corporativa o nombre de jurisdicción como elemento de entrada | Institución "Fray Bernardino de Sahagún" |
| 9 (RLIN) | 4722 |
| 830 00 - PUNTO DE ACCESO ADICIONAL DE SERIE-TÍTULO UNIFORME | |
| Título uniforme | Acta Salmanticensia |
| Designación de volumen o secuencia | 38 |
| 9 (RLIN) | 181394 |
| 852 ## - LOCALIZACIÓN | |
| Ubicación | ES-MaACL |
| Número de control de estantería | L-2301 |
| itemnumber | R.103262 |
| Estatus retirado | Estado de pérdida | Estado de daño | No para préstamo | Biblioteca de origen | Biblioteca actual | Ubicación en estantería | Fecha de adquisición | Fuente de adquisición | Total de préstamos | Signatura topográfica completa | Código de barras | Visto por última vez | Precio de reemplazo | Tipo de ítem Koha |
|---|---|---|---|---|---|---|---|---|---|---|---|---|---|---|
| Biblioteca del Ateneo de Madrid | Biblioteca del Ateneo de Madrid | Depósito 2 | 09/06/2009 | L-2301 | 1180466 | 23/02/2023 | 23/02/2023 | Libro impreso |
